Countries with the most Deaths from Dementia Per Capita - Statistics

General Stats
  • This quiz has been taken 52 times
  • The average score is 6 of 10
Answer Stats
Deaths per 100,000 People Country % Correct
46 United States
100%
36 Canada
78%
30 Denmark
64%
30 Norway
62%
32 Sweden
62%
54 Finland
60%
34 Iceland
54%
27 Belgium
52%
29 Netherlands
52%
32 Switzerland
40%
No matching quizzes found
Score Distribution
Percent of People with Each Score
Percentile by Number Answered
Your Score History
You have not taken this quiz